Servicios, derechos y beneficios para las mujeres
Guardat en:
| Autors principals: | , |
|---|---|
| Format: | Llibre |
| Idioma: | espanyol |
| Publicat: |
Santiago
Colectivo El Telar
1994
|
| Matèries: | |
| Etiquetes: |
Afegir etiqueta
Sense etiquetes, Sigues el primer a etiquetar aquest registre!
|
MARC
| LEADER | 00000nam a2200000 a 4500 | ||
|---|---|---|---|
| 001 | UCY0475 | ||
| 003 | CL-VaPUC | ||
| 008 | 940803e19940000CL |||||||||||||||||spa|d | ||
| 082 | 0 | 4 | |a 346.013 |b HID |2 21 |
| 100 | 0 | |a Hidalgo Zamora, José |e author |9 328204 | |
| 700 | 0 | |a Faúndez, Alejandra |e author |9 328205 | |
| 245 | 1 | 0 | |a Servicios, derechos y beneficios para las mujeres |
| 300 | |a 126 p | ||
| 942 | |c BK | ||
| 945 | |d 19940803 00:00:00 |a rbrito | ||
| 260 | |a Santiago |b Colectivo El Telar |c 1994 | ||
| 650 | 7 | |a MUJERES SITUACION LEGAL |2 CL-VaPUC |9 311233 | |
| 650 | 0 | |a Derechos de la mujer |9 257074 | |
| 583 | |a last modification |c 19940803 00:00:00 |k Rodrigo Vera | ||
| 999 | |c 229468 |d 229466 | ||
| 952 | |0 0 |1 0 |4 0 |6 346_013000000000000_HID_1994 |7 0 |8 A |9 230653 |a BIBGIM |b BIBGIM |d 2019-11-15 |i 3000109 |o 346.013 HID 1994 |p 3000109 |r 2025-01-15 |w 2019-11-15 |y BK |k SSL | ||